000 00523nam a22001937a 4500
999 _c6143
_d6143
003 GBCCL
005 20241126110557.0
008 180502b ||||| |||| 00| 0 eng d
020 _a0882074342
040 _cgbc
082 _a236
_bDEH
100 _aDe Haan, Richard W.
_911050
245 4 _aThe Middle East In Prophecy /
_cRichard W. De Haan
250 _a2nd printing
260 _bRadio Bible Class,
_aMichigan:
_c1975
300 _a32 p.;
_c19 cm.
650 _aEschatology
_xBiblical teaching
_92327
942 _2ddc
_cBK